[Event "It (c)"]
[Site "masterchessopen.com Budapest (Hungary)"]
[Round "1"]
[White "Seres Lajos (HUN)"]
[Black "Rajlich Vasik G (USA)"]
[Result "1-0"]
[WhiteElo "2444"]
[BlackElo "2209"]

1.d4 Nf6 2.c4 g6 3.Nc3 Bg7 4.g3 O-O 5.Bg2 d6 6.Nf3 Nbd7 7.O-O e5 8.e4 c6 9.h3
Qb6 10.Re1 exd4 11.Nxd4 Ne8 12.Nf3 Ne5 13.Nxe5 dxe5 14.Qa4 Bf6 15.Be3 Qc7
16.c5 Ng7 17.Nb1 Ne6 18.Nd2 Rd8 19.Nc4 Nd4 20.Nd6 b5 21.Qd1 Rxd6 22.cxd6 Qxd6
23.Bxd4 exd4 24.e5 Bxe5 25.Qe2 Bg7 26.Qe8+ Bf8 27.Qxc6 Rb8 28.Re8 Kg7 29.Rxc8
{#r} 1-0

[Event "It (open)"]
[Site "masterchessopen.com Cali (Colombia)"]
[Round "7"]
[White "Castaneda Georgui (PER)"]
[Black "Sanchez Victor (COL)"]
[Result "1-0"]
[WhiteElo "2512"]
[BlackElo "2282"]

1.d4 Nf6 2.Nf3 g6 3.c4 Bg7 4.g3 O-O 5.Bg2 d6 6.O-O Nbd7 7.Nc3 c6 8.h3 e5 9.e4
Re8 10.Be3 exd4 11.Nxd4 Nc5 12.Qc2 a5 13.Rad1 Qe7 14.Rfe1 h5 15.Bf4 Nfd7
16.Be3 Nf8 17.f4 Qc7 18.Nde2 b6 19.Qd2 Nb7 20.Na4 Nd7 21.b3 Ndc5 22.Nac3 f5
23.exf5 Bxf5 24.Nd4 Ne4 25.Nxe4 Bxe4 26.Nb5 Qf7 27.Nxd6 Nxd6 28.Qxd6 Bc3
29.Bxe4 Bxe1 30.Bxc6 Bb4 31.Qd3 {#r} 1-0

[Event "Ch Stuttgart "]
[Site "masterchessopen.com Ditzingen (Germany)"]
[Round "2"]
[White "Kopylov Mihail (UKR)"]
[Black "Werner Bernd-Michael (GER)"]
[Result "1-0"]
[WhiteElo "2431"]
[BlackElo "2165"]

1.d4 Nf6 2.Nf3 g6 3.c4 Bg7 4.g3 d6 5.Bg2 O-O 6.O-O Nbd7 7.Nc3 c6 8.e4 e5 9.h3
a6 10.Be3 Re8 11.Qc2 b5 12.cxb5 cxb5 13.Rfd1 Bb7 14.dxe5 dxe5 15.Qb3 Qe7
16.Nd5 Bxd5 17.exd5 Qd6 18.Rac1 Rac8 19.Rc6 Qb8 20.Ng5 h6 21.Ne6 Rxc6 22.dxc6
Rxe6 23.cxd7 Rd6 24.Bc6 Bf8 25.a4 b4 26.a5 Kg7 27.Ba7 Qxa7 28.Rxd6 {#r} 1-0

[Event "Oberliga East A 1999/00"]
[Site "masterchessopen.com Germany"]
[Round "9"]
[White "Kleschtschow Juri (GER)"]
[Black "Schmidt Matthias (GER)"]
[Result "1-0"]
[WhiteElo "2152"]
[BlackElo "1982"]

1.d4 Nf6 2.Nf3 g6 3.g3 Bg7 4.Bg2 d6 5.O-O O-O 6.c4 c6 7.Nc3 Nbd7 8.e4 e5 9.h3
h6 10.Be3 Kh7 11.Qd2 Ng8 12.Rad1 Qc7 13.b4 Nb6 14.Qe2 f5 15.dxe5 dxe5 16.Bc5
Re8 17.exf5 Bxf5 18.Nh4 Qf7 19.g4 Qf6 20.gxf5 Qxh4 21.fxg6+ Kh8 22.Ne4 Re6
23.Rd6 Rae8 24.Bxb6 axb6 25.Rfd1 Bf8 26.Rxe6 Rxe6 27.Ng3 Bxb4 28.g7+ Kh7
29.Be4+ Rg6 30.Bxg6+ Kxg6 31.Qxe5 {#r} 1-0

[Event "It (open)"]
[Site "masterchessopen.com Griesheim (Germany)"]
[Round "4"]
[White "Homann Stefan (GER)"]
[Black "Guenther Markus (GER)"]
[Result "1-0"]
[WhiteElo "2224"]
[BlackElo "2118"]

1.d4 Nf6 2.Nf3 g6 3.g3 Bg7 4.Bg2 O-O 5.O-O d6 6.c4 Nbd7 7.Nc3 c6 8.e4 e5 9.h3
a5 10.Be3 Qe7 11.Re1 h6 12.Qc2 exd4 13.Nxd4 Nc5 14.Nb3 Nxb3 15.axb3 Be6
16.Red1 Rfd8 17.Bb6 Rf8 18.Bxa5 Ne8 19.Ne2 f5 20.Nf4 {#r} 1-0

[Event "Cup Tenkes (open)"]
[Site "masterchessopen.com Harkany (Hungary)"]
[Round "6"]
[White "Horvath Peter_ (HUN)"]
[Black "Tatar Kis Szabolcs (HUN)"]
[Result "1-0"]
[WhiteElo "2450"]
[BlackElo "2376"]

1.d4 Nf6 2.c4 g6 3.Nf3 Bg7 4.g3 O-O 5.Bg2 d6 6.Nc3 Nbd7 7.O-O e5 8.e4 c6 9.h3
Qa5 10.Be3 exd4 11.Nxd4 Ne5 12.Nb3 Qa6 13.c5 dxc5 14.f4 Nd3 15.Nxc5 Nxc5
16.Bxc5 Re8 17.e5 Nd7 18.Bf2 f6 19.Na4 h6 20.Qb3+ Kh7 21.exf6 {#r} 1-0

[Event "It (open)"]
[Site "masterchessopen.com Helsinki (Finland)"]
[Round "4"]
[White "Malcsev Alexander (RUS)"]
[Black "Kochyev Alexander (RUS)"]
[Result "0-1"]
[WhiteElo "2355"]
[BlackElo "2422"]

1.d4 Nf6 2.Nf3 g6 3.g3 Bg7 4.Bg2 O-O 5.O-O d6 6.c4 Nbd7 7.Nc3 e5 8.e4 c6 9.h3
Qb6 10.Re1 Re8 11.d5 Nc5 12.Rb1 a5 13.b3 Bd7 14.Be3 Qc7 15.Nd2 cxd5 16.Nxd5
Nxd5 17.cxd5 b5 18.a3 Rec8 19.Bf1 h5 20.Rc1 Qd8 21.b4 axb4 22.axb4 Na4 23.Nb3
Nb2 24.Qd2 Nc4 25.Bxc4 Rxc4 26.Rxc4 bxc4 27.Na5 Bxh3 28.Nxc4 Rb8 29.Na5 Qf6
30.Kh2 Bd7 31.Nc6 Rb7 {#R} 0-1

[Event "It (cat.9)"]
[Site "masterchessopen.com Kastav (Croatia)"]
[Round "6"]
[White "Bistric Faruk (BIH)"]
[Black "Cebalo Miso (CRO)"]
[Result "1-0"]
[WhiteElo "2451"]
[BlackElo "2520"]

1.d4 Nf6 2.c4 g6 3.g3 Bg7 4.Bg2 O-O 5.Nf3 d6 6.O-O c6 7.h3 Nbd7 8.Nc3 e5 9.e4
Re8 10.Be3 a5 11.Qc2 exd4 12.Nxd4 Ne5 13.Nb3 Nfd7 14.Rad1 Qe7 15.Rfe1 {#r} 1-0

[Event "Ch Slovenia"]
[Site "masterchessopen.com Kranj (Slovenia)"]
[Round "0"]
[White "Sebenik Matej (SLO)"]
[Black "Gomboc Miha (SLO)"]
[Result "1-0"]
[WhiteElo "2287"]
[BlackElo "2185"]

1.d4 Nf6 2.Nf3 g6 3.c4 Bg7 4.g3 O-O 5.Bg2 d6 6.O-O Nbd7 7.Nc3 e5 8.e4 c6 9.h3
Qb6 10.c5 dxc5 11.dxe5 Ne8 12.Be3 Nc7 13.Qc2 Ne6 14.Na4 Qc7 15.Nxc5 Nxe5
16.Nxe5 Qxe5 17.Nd3 Qc7 18.e5 Bd7 19.f4 c5 20.b4 cxb4 21.Qxc7 Nxc7 22.Rac1 Bb5
23.Rxc7 Bxd3 24.Rd1 Ba6 25.Bxb7 Bxb7 26.Rxb7 a5 27.Rdd7 Rab8 28.Rxf7 Ra8
29.Rxg7+ {#r} 1-0

[Event "It (open)"]
[Site "masterchessopen.com Lugano (Switzerland)"]
[Round "6"]
[White "Camponovo D"]
[Black "Neyer Renato (SUI)"]
[Result "0-1"]
[WhiteElo "1810"]
[BlackElo "2170"]

1.c4 d6 2.d4 g6 3.g3 Bg7 4.Bg2 Nf6 5.Nf3 O-O 6.O-O Nbd7 7.Nc3 c6 8.e4 e5 9.h3
Re8 10.d5 c5 11.Ne1 Nh5 12.Nd3 Rf8 13.Bd2 Nb6 14.Qb3 f5 15.a4 f4 16.a5 Nd7
17.g4 f3 18.gxh5 fxg2 19.Kxg2 Qh4 20.hxg6 Nf6 21.gxh7+ Qxh7 22.Rh1 Nxe4
23.Nxe4 Qxe4+ 24.Kg1 Rf6 25.Re1 Rg6+ 26.Kh2 Qg2# 0-1

[Event "It (open) (w)"]
[Site "masterchessopen.com Rodewisch (Germany)"]
[Round "4"]
[White "Kiseleva Natalia (UKR)"]
[Black "Leib Britta (GER)"]
[Result "1-0"]
[WhiteElo "2323"]
[BlackElo "2040"]

1.d4 Nf6 2.c4 g6 3.g3 Bg7 4.Bg2 O-O 5.Nf3 d6 6.O-O c6 7.Nc3 Nbd7 8.e4 e5 9.h3
exd4 10.Nxd4 Qb6 11.Nde2 Ne5 12.b3 Qc7 13.Be3 a6 14.Rc1 Ne8 15.f4 Nd7 16.Qd2
Rb8 17.Rfd1 Kh8 18.Nd4 Qa5 19.Nce2 Qxd2 20.Rxd2 c5 21.Nf3 b5 22.cxb5 axb5
23.e5 dxe5 24.fxe5 Nxe5 25.Nxe5 Bxe5 26.Bxc5 Rg8 27.Ba7 {#r} 1-0

[Event "Ch Serbia (team)"]
[Site "masterchessopen.com Serbia"]
[Round "0"]
[White "Blagojevic Dragisa (MNE)"]
[Black "Basta Radovan (SRB)"]
[Result "1-0"]
[WhiteElo "2475"]
[BlackElo "2128"]

1.d4 Nf6 2.c4 g6 3.Nf3 Bg7 4.g3 O-O 5.Bg2 d6 6.O-O Nbd7 7.Nc3 e5 8.h3 c6 9.e4
exd4 10.Nxd4 Nc5 11.Be3 Re8 12.Qc2 Qc7 13.Rfe1 Bd7 14.Rad1 Rad8 15.b4 Ne6
16.Nde2 Bc8 17.f4 Nf8 18.Bf2 b6 19.Nd4 Ne6 20.Nb3 g5 21.f5 Nf8 22.c5 dxc5
23.Rxd8 Rxd8 24.bxc5 Nh5 25.cxb6 axb6 26.Nd5 Qd6 27.Qxc6 Qe5 28.Qxb6 Rd6
29.Qd4 Nxg3 30.Qxe5 {#r} 1-0

[Event "It (open)"]
[Site "masterchessopen.com St. Veit (Austria)"]
[Round "2"]
[White "Juergens Klaus (GER)"]
[Black "Waldner Alois (AUT)"]
[Result "1-0"]
[WhiteElo "2208"]
[BlackElo "2178"]

1.Nf3 Nf6 2.c4 g6 3.g3 Bg7 4.Bg2 c6 5.d4 O-O 6.O-O d6 7.Nc3 Nbd7 8.h3 e5 9.e4
Qe7 10.Be3 h6 11.Qc2 a5 12.Rad1 Ne8 13.Kh2 f5 14.Nh4 f4 15.Nxg6 Qf7 16.Nxf8
Nxf8 17.Bc1 f3 18.Bh1 Bxh3 19.Rfe1 Qh5 20.Kg1 exd4 21.Nb1 Ne6 22.Rd3 Bg4
23.Qd1 Be5 24.Bxf3 Nf6 25.Nd2 Ng5 26.Bxg4 Nxg4 27.Nf1 Nh3+ 28.Kg2 Nhxf2 {#r}
1-0

[Event "It (open)"]
[Site "masterchessopen.com St. Veit (Austria)"]
[Round "6"]
[White "Kaminik Aleksandar (ISR)"]
[Black "Mazi Leon (SLO)"]
[Result "0-1"]
[WhiteElo "2190"]
[BlackElo "2383"]

1.d4 Nf6 2.c4 d6 3.Nc3 e5 4.Nf3 Nbd7 5.g3 g6 6.Bg2 Bg7 7.O-O O-O 8.e4 c6 9.h3
Re8 10.d5 cxd5 11.cxd5 Nc5 12.Nh4 a5 13.Re1 Bd7 14.Qe2 b5 15.Nxb5 Nfxe4 16.a4
f5 17.Kh2 Bf6 18.Nf3 Nxa4 19.Rxa4 Qb6 20.Rxe4 fxe4 21.Nd2 Bxb5 22.Qg4 Bd3
23.Re3 Qa7 24.Bxe4 Bb5 25.Bf5 Kh8 26.Be6 Qc7 27.Ne4 Be7 28.Rb3 Qc4 29.Re3 Rf8
30.h4 Qf1 31.f3 Be2 {#R} 0-1

[Event "Ch Georgia (juniors) (under 18)"]
[Site "masterchessopen.com Tbilisi (Georgia)"]
[Round "0"]
[White "Matnadze Ana (GEO)"]
[Black "Chigladze Iveri (GEO)"]
[Result "1-0"]
[WhiteElo "2282"]
[BlackElo "2116"]

1.d4 Nf6 2.g3 g6 3.Bg2 Bg7 4.Nf3 O-O 5.O-O d6 6.c4 Nbd7 7.Nc3 e5 8.h3 c6 9.e4
Re8 10.Re1 Qc7 11.Be3 a5 12.Qc2 b5 13.c5 dxc5 14.dxe5 Nxe5 15.Nxe5 Qxe5 16.f4
Qc7 17.Bxc5 Nd7 18.Bf2 Ba6 19.e5 Rac8 20.Ne4 Bf8 21.Rad1 c5 22.Rxd7 {#r} 1-0

[Event "Ch Montenegro (cat.5)"]
[Site "masterchessopen.com Tivat (Yugoslavia)"]
[Round "4"]
[White "Blagojevic Dragisa (MNE)"]
[Black "Mrsevic Miroslav (MNE)"]
[Result "1-0"]
[WhiteElo "2475"]
[BlackElo "2339"]

1.d4 g6 2.c4 Bg7 3.Nf3 Nf6 4.g3 O-O 5.Bg2 d6 6.O-O Nbd7 7.Nc3 e5 8.h3 c6 9.e4
Re8 10.Be3 exd4 11.Nxd4 a5 12.Qc2 a4 13.Nxa4 Nxe4 14.Bxe4 Rxa4 15.Qxa4 Nc5
16.Nxc6 Nxa4 17.Nxd8 Rxe4 18.Rad1 Bxh3 19.Rfe1 Nxb2 20.Bc1 Nxd1 21.Rxe4 Be5
22.Re1 Bg4 23.Kg2 Bc3 24.Re8+ Kg7 25.Re7 Kf8 26.Rxb7 Be2 27.Bh6+ Kg8 28.Rxf7
{#r} 1-0

[Event "Ch Russia (juniors) (under 14)"]
[Site "masterchessopen.com Toljatti (Russia)"]
[Round "8"]
[White "Zabotin Alexander (RUS)"]
[Black "Zhukov Klim (CZE)"]
[Result "1-0"]
[WhiteElo "2463"]
[BlackElo "2051"]

1.d4 Nf6 2.c4 g6 3.Nc3 Bg7 4.e4 d6 5.Nf3 O-O 6.g3 Nbd7 7.Bg2 e5 8.O-O c6 9.h3
exd4 10.Nxd4 Nc5 11.Nb3 Be6 12.Qe2 Nfd7 13.Rd1 Nxb3 14.axb3 Nc5 15.Qc2 Qb6
16.Ra3 Rad8 17.Be3 Qc7 18.Kh2 a5 19.f4 f5 20.e5 b6 21.exd6 Rxd6 22.Bxc5 bxc5
23.Rxd6 Qxd6 24.Rxa5 g5 25.Ra6 gxf4 26.Rxc6 fxg3+ 27.Kh1 Qf4 28.Rxe6 Qh4
29.Qe2 f4 30.Re8 Rxe8 31.Qxe8+ {#r} 1-0

[Event "Ch Slovakia (open)"]
[Site "masterchessopen.com Zvolen (Slovakia)"]
[Round "8"]
[White "Balogh Marian (SVK)"]
[Black "Hlas Jan (SVK)"]
[Result "1-0"]
[WhiteElo "2229"]
[BlackElo "2192"]

1.c4 Nf6 2.Nc3 g6 3.g3 Bg7 4.Bg2 O-O 5.d4 d6 6.Nf3 Nbd7 7.O-O e5 8.h3 c6 9.e4
exd4 10.Nxd4 a5 11.Nc2 Qc7 12.Be3 Re8 13.f4 b6 14.Rc1 Nc5 15.Bxc5 bxc5 16.b3
Bb7 17.Qf3 Nd7 18.Rcd1 Nb6 19.e5 dxe5 20.f5 Red8 21.Ne4 Bf8 22.g4 Rxd1 23.Rxd1
Rd8 24.Rf1 Qe7 25.Qc3 a4 26.Qa5 Nd7 27.f6 Qe8 28.Qc7 axb3 29.axb3 Ba8 30.Rd1
Kh8 {#r} 1-0

[Event "Ch Slovakia (open)"]
[Site "masterchessopen.com Zvolen (Slovakia)"]
[Round "5"]
[White "Havlickova Beata (SVK)"]
[Black "Hlas Jan (SVK)"]
[Result "1-0"]
[WhiteElo "2022"]
[BlackElo "2192"]

1.d4 Nf6 2.Nf3 g6 3.g3 Bg7 4.Bg2 O-O 5.O-O d6 6.c4 Nbd7 7.Nc3 e5 8.e4 c6 9.h3
exd4 10.Nxd4 a5 11.b3 Nc5 12.Bb2 Qb6 13.Qd2 a4 14.Nxa4 Nxa4 15.bxa4 Rxa4
16.Qc2 Qa6 17.Rfc1 Rxa2 18.Rxa2 {#r} 1-0

[Event "Staatsliga B South 2001/02"]
[Site "masterchessopen.com Austria"]
[Round "2"]
[White "Ruck Robert (HUN)"]
[Black "Jaafari E (IRI)"]
[Result "1-0"]
[WhiteElo "2582"]
[BlackElo "2130"]

1.Nf3 Nf6 2.c4 g6 3.d4 Bg7 4.g3 d6 5.Bg2 O-O 6.Nc3 Nbd7 7.O-O c6 8.h3 e5 9.e4
Re8 10.Re1 h6 11.Be3 Qe7 12.Qd2 Kh7 13.Rad1 a6 14.a3 b6 15.b4 Rb8 16.Qc2 c5
17.bxc5 bxc5 18.dxe5 dxe5 19.Nd5 Nxd5 20.cxd5 Qd6 21.Nd2 Bf8 22.Nc4 Qf6 23.Rb1
Bb7 24.Qa4 Qd8 25.Bd2 Nf6 26.Qa5 Qe7 27.d6 {#r} 1-0

[Event "Ch Hungary (juniors) (under 16)"]
[Site "masterchessopen.com Balatonlelle (Hungary)"]
[Round "5"]
[White "Berkes Ferenc (HUN)"]
[Black "Konnyu Janos (HUN)"]
[Result "1-0"]
[WhiteElo "2541"]
[BlackElo "2166"]

1.c4 Nf6 2.Nf3 g6 3.g3 Bg7 4.Bg2 O-O 5.O-O d6 6.Nc3 Nbd7 7.d4 e5 8.h3 c6 9.e4
Re8 10.Re1 a5 11.Rb1 exd4 12.Nxd4 Nc5 13.Bf4 Be6 14.b3 Qd7 15.Kh2 Rad8 16.Qd2
Nh5 17.Bg5 Bf6 18.Be3 Qc7 19.Rbd1 Bc8 20.Re2 Ng7 21.Ndb5 Qb8 22.Nxd6 Bxc3
23.Qxc3 Rxd6 24.Bf4 Red8 25.Rxd6 Rxd6 26.Rd2 Ne8 27.Bxd6 Nxd6 28.Qe5 {#r} 1-0

[Event "Memorial M.Najdorf (open)"]
[Site "masterchessopen.com Buenos Aires (Argentina)"]
[Round "2"]
[White "Varela Gaston (ARG)"]
[Black "Prieto Marcelo (ARG)"]
[Result "1-0"]
[WhiteElo "2375"]
[BlackElo "2077"]

1.Nf3 Nf6 2.c4 g6 3.g3 Bg7 4.d4 O-O 5.Bg2 c6 6.O-O d6 7.Nc3 Nbd7 8.e4 e5 9.h3
a5 10.Re1 exd4 11.Nxd4 Qb6 12.Nde2 Qb4 13.b3 Nc5 14.Rb1 Re8 15.a3 Qb6 16.Qc2
Nfxe4 17.Bxe4 Nxe4 18.Nxe4 Bf5 19.N2c3 d5 20.cxd5 Qd4 21.Be3 Bxe4 22.Nxe4 Qxe4
23.Qxe4 Rxe4 24.dxc6 bxc6 25.Rbc1 Re6 26.Rc4 Bf8 27.Ra4 f5 28.Rd1 Re4 {#r} 1-0

[Event "Ch Baleares"]
[Site "masterchessopen.com Cala Mandia (Spain)"]
[Round "7"]
[White "Gaya Yodra Juan (ESP)"]
[Black "Pons Cristobal (ESP)"]
[Result "1-0"]
[WhiteElo "2267"]
[BlackElo "2218"]

1.d4 Nf6 2.Nf3 g6 3.g3 Bg7 4.Bg2 O-O 5.c4 d6 6.O-O Nbd7 7.Nc3 c6 8.e4 e5 9.h3
Qc7 10.Be3 h6 11.Rc1 Re8 12.d5 a5 13.Ne1 Nc5 14.Nd3 Nxd3 15.Qxd3 c5 16.Qd2 Kh7
17.f4 Bd7 18.g4 Ng8 19.fxe5 Rxe5 20.Rxf7 Re7 21.Rxe7 Nxe7 22.Rf1 Rd8 23.e5 Rf8
24.Rxf8 Bxf8 25.Qf2 Bg7 26.Qf7 Qd8 27.Ne4 Kh8 28.Nf6 Bc8 29.Bxh6 {#r} 1-0

[Event "Ch Russia (juniors) (under 16) (g)"]
[Site "masterchessopen.com Cherepovets (Russia)"]
[Round "0"]
[White "Kursova Maria (RUS)"]
[Black "Grunina Nina (RUS)"]
[Result "1-0"]
[WhiteElo "2203"]
[BlackElo "2069"]

1.d4 Nf6 2.Nf3 g6 3.c4 Bg7 4.g3 O-O 5.Bg2 d6 6.Nc3 Nbd7 7.O-O e5 8.e4 c6 9.h3
h6 10.Be3 Nh7 11.Qd2 exd4 12.Nxd4 Ne5 13.Qe2 Ng5 14.Kh2 Ne6 15.Rad1 Nxd4
16.Bxd4 Be6 17.b3 Qa5 18.Nb1 f5 19.f4 Nf7 20.Bxg7 Kxg7 21.Qb2+ Kh7 22.Nc3 Rae8
23.exf5 Bxf5 24.g4 Re3 25.b4 {#r} 1-0

[Event "It (open)"]
[Site "masterchessopen.com Ikaria (Greece)"]
[Round "7"]
[White "Dezelin Milan (CRO)"]
[Black "Petrakis Ilias (GRE)"]
[Result "1-0"]
[WhiteElo "2335"]
[BlackElo "2221"]

1.d4 Nf6 2.Nf3 d6 3.g3 g6 4.Bg2 Bg7 5.O-O O-O 6.c4 Nbd7 7.Nc3 c6 8.e4 e5 9.h3
Re8 10.Re1 a5 11.b3 exd4 12.Nxd4 d5 13.cxd5 cxd5 14.exd5 Rxe1+ 15.Qxe1 Nxd5
16.Nxd5 Bxd4 17.Rb1 Ra6 18.Qe7 Qf8 19.Ba3 Qh6 20.Qd8+ Kg7 21.Qxc8 Rc6 22.Qxd7
Rc2 23.Qe7 {#r} 1-0

[Event "Cup Independence (open)"]
[Site "masterchessopen.com Kiev (Ukraine)"]
[Round "0"]
[White "Karnaukh Anatolij (UKR)"]
[Black "Shianovsky Vladislav I (UKR)"]
[Result "0-1"]
[WhiteElo "2225"]
[BlackElo "2314"]

1.d4 Nf6 2.Nf3 g6 3.c4 Bg7 4.Nc3 O-O 5.g3 d6 6.Bg2 Nbd7 7.O-O e5 8.e4 c6 9.h3
Re8 10.Be3 exd4 11.Nxd4 Nb6 12.Qd3 d5 13.cxd5 cxd5 14.Rfe1 dxe4 15.Nxe4 Nxe4
16.Bxe4 Nd5 17.Nb5 Nxe3 18.Qxd8 Rxd8 19.Rxe3 Bxh3 20.Bxb7 Rab8 21.Re7 Rd7
22.Rxd7 Bxd7 23.Nd6 Bf8 {#R} 0-1

[Event "Ch Russia (students)"]
[Site "masterchessopen.com Novokuznetsk (Russia)"]
[Round "2"]
[White "Cheremukhin Aleksej (RUS)"]
[Black "Daudov Dmitriy (RUS)"]
[Result "0-1"]
[WhiteElo "2231"]
[BlackElo "2332"]

1.d4 Nf6 2.Nf3 g6 3.c4 Bg7 4.Nc3 d6 5.g3 O-O 6.Bg2 Nbd7 7.O-O e5 8.h3 c6 9.e4
Re8 10.Qc2 Nb6 11.Ne2 d5 12.c5 Nbd7 13.exd5 Nxd5 14.Nc3 Nb4 15.Qb3 exd4 16.Bg5
Qa5 17.Rfe1 Ne5 18.Nxe5 Rxe5 19.Ne4 Nd5 20.Bd2 Qc7 21.Nd6 Be6 22.Qxb7 Qxb7
23.Nxb7 Rxe1+ 24.Rxe1 Rb8 25.Bxd5 Bxd5 26.Bf4 Ra8 27.Bc7 d3 28.Rd1 Re8 29.g4
Re7 {#R} 0-1

[Event "It (open)"]
[Site "masterchessopen.com Oberwart (Austria)"]
[Round "5"]
[White "Ruck Robert (HUN)"]
[Black "Amann Guenter (AUT)"]
[Result "1-0"]
[WhiteElo "2582"]
[BlackElo "2270"]

1.d4 Nf6 2.c4 g6 3.Nf3 Bg7 4.g3 O-O 5.Bg2 d6 6.Nc3 c6 7.O-O Nbd7 8.h3 e5 9.e4
Re8 10.Re1 a5 11.Be3 exd4 12.Nxd4 Nc5 13.Qc2 a4 14.Rad1 Qa5 15.Bf4 Bf8 16.Bd2
Bg7 17.b4 axb3 18.axb3 Qb6 19.Be3 Bd7 20.Rb1 Qb4 21.Red1 Ra3 22.Bf4 Bf8
23.Ncb5 {#r} 1-0

[Event "It (open)"]
[Site "masterchessopen.com Oberwart (Austria)"]
[Round "1"]
[White "Weiss Christian (AUT)"]
[Black "Seifert Milan (CZE)"]
[Result "1-0"]
[WhiteElo "2415"]
[BlackElo "2199"]

1.c4 Nf6 2.Nf3 d6 3.d4 g6 4.Nc3 Bg7 5.g3 O-O 6.Bg2 Nbd7 7.O-O c6 8.e4 e5 9.h3
Qe7 10.Re1 Re8 11.Be3 b6 12.Qc2 Qf8 13.Rad1 Nh5 14.Qa4 exd4 15.Nxd4 Nc5 16.Qc2
Bb7 17.g4 Nf6 18.f4 Nfd7 19.Qd2 a5 20.Nde2 f5 21.exf5 gxf5 22.Ng3 fxg4 23.hxg4
Nf6 24.Bf3 Rad8 25.g5 Nfd7 26.Kg2 Ne5 27.fxe5 dxe5 28.Qc2 Ne6 29.Rh1 {#r} 1-0

[Event "It (open)"]
[Site "masterchessopen.com Patras (Greece)"]
[Round "6"]
[White "Bagaturov Giorgi (GEO)"]
[Black "Markidis Konstantinos (GRE)"]
[Result "1-0"]
[WhiteElo "2473"]
[BlackElo "2350"]

1.d4 Nf6 2.c4 g6 3.Nf3 Bg7 4.g3 O-O 5.Bg2 d6 6.Nc3 Nbd7 7.O-O e5 8.e4 c6 9.h3
Qb6 10.c5 dxc5 11.dxe5 Ne8 12.e6 fxe6 13.Ng5 Ne5 14.f4 Nf7 15.Nxf7 Bd4+ 16.Kh2
Rxf7 17.e5 Qc7 18.Qg4 b6 19.Rd1 Rb8 20.Ne4 Re7 21.h4 Kh8 22.h5 gxh5 23.Qxh5
Ng7 24.Qh6 Bd7 25.g4 Be8 26.Rd3 Bg6 27.Rh3 {#r} 1-0

[Event "It (open) \"]
[Site "masterchessopen.com Prague (Czech Republic)"]
[Round "0"]
[White "Meszaros Ludek (CZE)"]
[Black "Kratochvil Milos (CZE)"]
[Result "1-0"]
[WhiteElo "2244"]
[BlackElo "2071"]

1.Nf3 Nf6 2.g3 g6 3.Bg2 Bg7 4.O-O O-O 5.c4 d6 6.Nc3 e5 7.d4 Nbd7 8.e4 c6 9.h3
a6 10.Be3 b5 11.c5 b4 12.Na4 Nxe4 13.cxd6 Nxd6 14.dxe5 Nc4 15.Bg5 Qa5 16.e6
fxe6 17.Qb3 Nde5 18.Nxe5 Nxe5 19.Be7 Rf7 20.Bxb4 Qb5 21.Rac1 Bd7 22.Nc3 Qc4
23.f4 a5 24.Bd6 a4 25.Qb7 Re8 26.fxe5 {#r} 1-0

[Event "Ch Russia (juniors) (under 18)"]
[Site "masterchessopen.com Rybinsk (Russia)"]
[Round "10"]
[White "Ryzhov Ivan (RUS)"]
[Black "Ivlev Boris (RUS)"]
[Result "1-0"]
[WhiteElo "2245"]
[BlackElo "2238"]

1.d4 Nf6 2.c4 g6 3.g3 Bg7 4.Bg2 d6 5.Nf3 O-O 6.O-O Nbd7 7.Nc3 c6 8.e4 e5 9.h3
Re8 10.Be3 Qe7 11.Qc2 Nh5 12.Rad1 Rf8 13.Qe2 Ndf6 14.Rfe1 h6 15.b4 b6 16.c5
Nd7 17.d5 bxc5 18.dxc6 Nb6 19.bxc5 dxc5 20.Nd5 Nxd5 21.exd5 Rd8 22.d6 Qe6
23.Bxc5 a5 24.Nxe5 {#r} 1-0

[Event "Ch Russia (juniors) (under 18) (g)"]
[Site "masterchessopen.com Rybinsk (Russia)"]
[Round "7"]
[White "Khusnutdinova Luiza (RUS)"]
[Black "Gusarchuk Anastasija (RUS)"]
[Result "1-0"]
[WhiteElo "2270"]
[BlackElo "2092"]

1.d4 Nf6 2.Nf3 g6 3.g3 Bg7 4.Bg2 d6 5.c4 Nbd7 6.O-O O-O 7.Nc3 c6 8.h3 e5 9.e4
Re8 10.Re1 Qb6 11.b3 exd4 12.Na4 Qa5 13.Bd2 Qc7 14.Nxd4 Nxe4 15.Bf4 g5 16.Bxg5
d5 17.cxd5 cxd5 18.Rc1 Qe5 19.Nf3 Qf5 20.Bf4 b5 21.Nh4 Qe6 22.Nc3 Nxc3 23.Rxe6
Rxe6 24.Rxc3 Bxc3 25.Qxd5 Nb6 26.Qd8+ Kg7 27.Nf5+ {#r} 1-0

[Event "Ch Switzerland"]
[Site "masterchessopen.com Scuol (Switzerland)"]
[Round "8"]
[White "Jaeggi Dorian (SUI)"]
[Black "Remensberger Paul (SUI)"]
[Result "1-0"]
[WhiteElo "2206"]
[BlackElo "2083"]

1.c4 g6 2.Nc3 Bg7 3.g3 Nf6 4.Nf3 d6 5.d4 O-O 6.Bg2 c6 7.O-O Nbd7 8.e4 e5 9.h3
Re8 10.Be3 exd4 11.Nxd4 Nc5 12.Qc2 a5 13.b3 Ne6 14.Rad1 Qc7 15.Nxe6 Bxe6
16.Bf4 Red8 17.c5 Ne8 18.cxd6 Nxd6 19.Bxd6 Rxd6 20.Nb5 {#r} 1-0

[Event "It (open)"]
[Site "masterchessopen.com Singapore"]
[Round "2"]
[White "Koh Kum-Hong (SIN)"]
[Black "Abdullah Che Hassan (MAS)"]
[Result "1-0"]
[WhiteElo "2258"]
[BlackElo "2111"]

1.d4 Nf6 2.c4 g6 3.g3 Bg7 4.Bg2 d6 5.Nf3 O-O 6.Nc3 Nbd7 7.O-O c6 8.e4 e5 9.h3
Qe7 10.Be3 b6 11.Re1 Bb7 12.Qc2 c5 13.d5 h6 14.Qd2 Kh7 15.Nh2 Ba6 16.Bf1 Nh5
17.Be2 f5 18.exf5 Nhf6 19.fxg6+ Kxg6 20.Nf3 Kh7 21.Nh4 {#r} 1-0

[Event "It (open) \"]
[Site "masterchessopen.com St. Petersburg (Russia)"]
[Round "7"]
[White "Grachev Boris (RUS)"]
[Black "Akimov Ivan (RUS)"]
[Result "1-0"]
[WhiteElo "2410"]
[BlackElo "2279"]

1.d4 Nf6 2.c4 g6 3.Nc3 Bg7 4.Nf3 O-O 5.g3 d6 6.Bg2 Nbd7 7.O-O e5 8.e4 c6 9.h3
Re8 10.Re1 a5 11.Be3 exd4 12.Nxd4 Nc5 13.Qc2 Nfd7 14.b3 h5 15.Rad1 Qb6 16.Nde2
Qb4 17.Bd2 Qb6 18.Be3 Qb4 19.Rb1 Ne6 20.a3 Qxa3 21.Ra1 {#r} 1-0

[Event "Cup Dalmatia (team)"]
[Site "masterchessopen.com Sv. Filip i Jakov (Croatia)"]
[Round "3"]
[White "Biliskov Vjekoslav (CRO)"]
[Black "Filipovic Miroslav (CRO)"]
[Result "1-0"]
[WhiteElo "2335"]
[BlackElo "2174"]

1.d4 Nf6 2.Nf3 g6 3.c4 Bg7 4.g3 O-O 5.Bg2 c6 6.Nc3 d6 7.O-O Nbd7 8.e4 e5 9.h3
Re8 10.Be3 Qe7 11.Qc2 Qf8 12.Rfd1 a6 13.b4 Bh6 14.Bxh6 Qxh6 15.dxe5 Nxe5
16.Rxd6 Nxf3+ 17.Bxf3 Kg7 18.Qb2 Re6 19.Rad1 Qxh3 20.Ne2 g5 21.Rd8 Kg6 22.Bg2
Qh5 23.f4 Kh6 24.f5 Ng4 25.fxe6 Qh2+ 26.Kf1 Ne3+ 27.Kf2 Nxg2 28.Qf6+ {#r} 1-0